R .C .C DESIGNS (Record no. 5333)

MARC details
000 -LEADER
fixed length control field 00346nam a22001457a 4500
005 - DATE AND TIME OF LATEST TRANSACTION
control field 20170330095926.0
008 - FIXED-LENGTH DATA ELEMENTS--GENERAL INFORMATION
fixed length control field 170330b xxu||||| |||| 00| 0 eng d
041 ## - LANGUAGE CODE
Language code of text/sound track or separate title eng
100 ## - MAIN ENTRY--AUTHOR NAME
Personal name PUNMIA,DR. B C
245 ## - TITLE STATEMENT
Title R .C .C DESIGNS
260 ## - PUBLICATION, DISTRIBUTION, ETC. (IMPRINT)
Name of publisher LAXHMI PUBLICATION
Year of publication 1975
300 ## - PHYSICAL DESCRIPTION
Number of Pages 1246
650 ## - SUBJECT ADDED ENTRY--TOPICAL TERM
Topical Term CIVIL ENGINEERING
942 ## - ADDED ENTRY ELEMENTS (KOHA)
Koha item type Books
Holdings
Lost status Damaged status Home library Current library Shelving location Date acquired Source of acquisition Accession Number Koha item type
    JRU Library   SHELF-72-E 28/03/2017 PURCHASE 21486 Books